| Tag |
First Indicator |
Second Indicator |
Subfields |
| LEADER |
00000nam a2200000Ia 4500 |
| 001 |
in00004266318 |
| 005 |
20200810073143.0 |
| 006 |
m g d |
| 007 |
cr bn |||a|bb| |
| 008 |
850710s1691 enk o 00| | eng d |
| 035 |
|
|
|a (OCoLC)12248126
|
| 040 |
|
|
|a EAI
|c EAI
|d WaOLN
|
| 037 |
|
|
|a CL0037000053
|b ProQuest Information and Learning. 300 N. Zeeb Rd., Ann Arbor, MI 48106
|
| 049 |
|
|
|a EAIA
|
| 090 |
|
|
|a BX1763
|b .G38
|
| 100 |
1 |
|
|a Gavin, Antonio,
|d fl. 1726.
|
| 245 |
1 |
4 |
|a The frauds of Romish monks and priests :
|b set forth in eight letters /
|c lately written by a gentleman in his journey into Italy, and publish'd for the benefit of the publick.
|
| 260 |
|
|
|a London :
|b Printed by Samuel Roycraft for Robert Clavell ...,
|c 1691.
|
| 300 |
|
|
|a 1 online resource ([16], 416 pages)
|
| 336 |
|
|
|a text
|b txt
|2 rdacontent
|
| 337 |
|
|
|a computer
|b c
|2 rdamedia
|
| 338 |
|
|
|a online resource
|b cr
|2 rdacarrier
|
| 500 |
|
|
|a Dedication signed: G. D.E.E.A.P. which stands for Gabriel d'Emiliane Angelicanae Presbyter--British Museum catalogue.
|
| 500 |
|
|
|a Gabriel d'Emiliane is the pseudonym of Antonio Gavin--Halkett and Laing and Wing.
|
| 500 |
|
|
|a Errata: preliminary pages [8]
|
| 500 |
|
|
|a Imperfect: pages stained, with print showthrough and loss of printing.
|
| 500 |
|
|
|a Reproduction of original in the Bodleian Library.
|
| 510 |
4 |
|
|a Wing
|c G390.
|
| 533 |
|
|
|a Electronic reproduction.
|b Ann Arbor, Mich. :
|c UMI,
|d 1999-
|f (Early English books online)
|n Digital version of: (Early English books, 1641-1700 ; 1504:25)
|7 s1999 miun s
|
| 610 |
2 |
0 |
|a Catholic Church
|v Controversial literature.
|
| 650 |
|
0 |
|a Monasticism and religious orders.
|
| 830 |
|
0 |
|a Early English books online.
|
| 856 |
4 |
0 |
|u http://proxy.library.tamu.edu/login?url=https://search.proquest.com/docview/2248548053
|z Connect to the full text of this electronic book
|t 0
|
| 999 |
f |
f |
|s 0a328eb7-d48b-3a31-a2de-5b9083fee5f4
|i 5c99ec91-a468-30fe-aa37-1d3f644ad64b
|t 0
|
| 952 |
f |
f |
|a Texas A&M University
|b College Station
|c Electronic Resources
|d Available Online
|t 0
|e BX1763 .G38
|h Library of Congress classification
|
| 998 |
f |
f |
|a BX1763 .G38
|t 0
|l Available Online
|